|
|
|
|
| LEADER |
02004nam a2200373 i 4500 |
| 001 |
37097 |
| 003 |
BD-DhAAL |
| 005 |
20200220123507.0 |
| 008 |
200220t20172017enka b 001 0 eng d |
| 999 |
|
|
|c 42013
|d 42013
|
| 010 |
|
|
|a 2016035537
|
| 020 |
|
|
|a 9781107104228
|
| 020 |
|
|
|a 110710422X
|
| 040 |
|
|
|a OU/DLC
|b eng
|c OU
|e rda
|d DLC
|d BD-DhAAL
|
| 042 |
|
|
|a pcc
|
| 050 |
0 |
0 |
|a QC174.12
|b .C57 2017
|
| 082 |
0 |
0 |
|a 530.12
|2 23
|
| 100 |
1 |
|
|a Coecke, Bob
|9 39402
|
| 245 |
1 |
0 |
|a Picturing quantum processes :
|b a first course in quantum theory and diagrammatic reasoning /
|c Bob Coecke, University of Oxford, Aleks Kissinger, Radbound University.
|
| 264 |
|
1 |
|a Cambridge, United Kingdom ;
|a New York, NY, USA :
|b Cambridge University Press,
|c 2017.
|
| 264 |
|
4 |
|c ©2017
|
| 300 |
|
|
|a xvii, 827 pages :
|b illustrations ;
|c 25 cm.
|
| 504 |
|
|
|a Includes bibliographical references (pages 806-821) and index.
|
| 505 |
0 |
|
|a Guide to reading this textbook -- Processes as diagrams -- String diagrams -- Hilbert space from diagrams -- Quantum processes -- Quantum measurement -- Picturing classical-quantum processes -- Picturing phases and complementarity -- Quantum theory: the full picture -- Quantum foundations -- Quantum computation -- Quantum resources -- Quantomatic.
|
| 541 |
|
|
|a Trim Education
|e 37097, 37098
|
| 650 |
|
0 |
|a Quantum theory.
|9 39403
|
| 650 |
|
0 |
|a Quantum computing.
|9 39404
|
| 650 |
|
0 |
|a Logic, Symbolic and mathematical.
|9 39405
|
| 650 |
|
0 |
|a Computer science.
|9 39406
|
| 700 |
1 |
|
|a Kissinger, Aleks
|9 39407
|
| 852 |
|
|
|a Ayesha Abed Library
|c General Stacks
|
| 942 |
|
|
|2 ddc
|c BK
|
| 952 |
|
|
|0 0
|1 0
|2 ddc
|4 0
|6 530_120000000000000_COE
|7 0
|9 67968
|a BRACUL
|b BRACUL
|c GEN
|d 2020-02-11
|e Trim Education
|g 6565.00
|l 3
|m 18
|o 530.12 COE
|p 3010037098
|q 2026-02-26
|r 2024-10-28
|s 2024-10-28
|t 2
|v 6565.00
|w 2020-02-11
|y BK
|
| 952 |
|
|
|0 0
|1 0
|2 ddc
|4 0
|6 530_120000000000000_COE
|7 0
|9 67969
|a BRACUL
|b BRACUL
|c GEN
|d 2020-02-11
|e Trim Education
|g 6565.00
|l 2
|m 31
|o 530.12 COE
|p 3010037097
|r 2026-04-07
|s 2025-12-03
|t 1
|v 6565.00
|w 2020-02-11
|y BK
|